La incidencia del cambio tecnolg̤ico en el mercado de trabajo la precariedad laboral /

Bibliographic Details
Main Author: Gutiřrez Barbarrusa, Toms̀
Format: eBook
Language:Spanish
Published: Madrid: Dykinson, 2013
Subjects:
Online Access:Acceso restringido

MARC

LEADER 00000nam a22000007a 4500
005 20140501003526.0
007 cr|||| ||||
008 140501s2013 es |||||s|||| 00||0 spa d
020 |a 978-84-9031-940-6 
035 |a 12081 
040 |a vLex 
090 |c 4876  |d 4876 
100 1 |a Gutiřrez Barbarrusa, Toms̀ 
245 1 3 |a La incidencia del cambio tecnolg̤ico en el mercado de trabajo  |h [Recurso electrn̤ico] :  |b la precariedad laboral /  |c Toms̀ Gutiřrez Barbarrusa 
256 |a Servicio en ln̕ea 
260 |a Madrid:  |b Dykinson,  |c 2013 
300 |a 1 recurso electrn̤ico 
500 |a Este libro trata sobre la incidencia del cambio tecnolg̤ico en las transformaciones estructurales del mercado de trabajo y, en concreto, sobre la proliferacin̤ de un fenm̤eno relativamente novedoso como es la precariedad laboral. Tras su contextualizacin̤ en el marco ter̤ico, desarrollado bajo los supuestos de la teora̕ de las ondas largas y la teora̕ de la regulacin̤, se argumenta que la expansin̤ de la precariedad laboral es consecuencia de la reorganizacin̤ del proceso productivo impulsado por las empresas y de las polt̕icas neoliberales de ajuste y flexibilizacin̤ efectuadas por los Estados como respuesta a la crisis de las economa̕s capitalistas de los aǫs 1970 y 80, sugiriendo que a ella el cambio tčnico ha contribuido, como instrumento de manera especf̕icamente importante. En base a ello, se plantea, ceteris paribus, la existencia de una relacin̤ directa entre las tasas de variacin̤ del cambio tčnico, medida mediante n̕dices de productividad de Malmquist, y las tasas de variacin̤ de la precariedad laboral. Dicho supuesto se concreta en el caso de Espaą, circunscribiendo el campo de estudio a sus comunidades autn̤omas para el pero̕do comprendido entre 1987 y 2004, que es desde cuando existe informacin̤ estads̕tica disponible. Constatando, mediante el anl̀isis estads̕tico, una tendencia marcada de correlacin̤ de signo positivo entre ambas variables. Se concluye que tal tendencia obedece a la estrategia de flexibilidad laboral impulsada por las polt̕icas gubernamentales de desregulacin̤ del mercado de trabajo. 
506 1 |a Disponible solo en los productos indicados  |d vLex Global  |d vLex Global (Academic Edition, excluding Law Schools)  |d vLex Global (U.S. Academic Edition, Law Schools)  |d vLex Global (U.S. Academic Edition, excluding Law Schools)  |d vLex Global (Academic Edition, Law Schools) 
650 0 4 |a Derecho Laboral y Seguridad Social  |z Espaą 
740 0 |a vLex Libros (Servicio en ln̕ea) 
856 4 0 |u http://vlex.com/source/incidencia-del-cambio-tecnologico-en-el-mercado-de-trabajo-la-precariedad-laboral-12081  |z Acceso restringido 
942 |c BOOK 
999 0 |a Labor Law and Social Security